Alter ego + méthode de français pour grands adolescents et adultes 1/A1

Salvato in:
Dettagli Bibliografici
Autore principale: Hugot, Catherine
Altri autori: Kizirian, Véronique M., Waendendries, Monique, Berthet, Annie, Daill, Emmanuelle
Natura: Libro
Lingua:francese
Pubblicazione: Paris Hachette/Français langue étrangère 2012
Soggetti:
Tags: Aggiungi Tag
Nessun Tag, puoi essere il primo ad aggiungerne!!

MARC

LEADER 00000nam a2200000 4500
001 0248261
005 20240315120347.7
020 |a 978-2-01-155810-7 
041 0 |a fre 
044 |a FR 
245 1 0 |a Alter ego + méthode de français pour grands adolescents et adultes 1/A1  |c Catherine Hugot, Véronique M. Kizirian, Monique Waendendries ... [et al.] 
264 1 |a Paris  |b Hachette/Français langue étrangère  |c 2012 
300 |a 223 s.  |e 1 CD-ROM 
610 2 0 |a jazykoveda 
610 2 0 |a terminológia 
610 2 0 |a jazyky cudzie 
610 2 0 |a francúzština 
100 1 |a Hugot, Catherine 
700 1 |a Kizirian, Véronique M. 
700 1 |a Waendendries, Monique 
700 1 |a Berthet, Annie 
700 1 |a Daill, Emmanuelle